|
|
|
|
| LEADER |
00000ny a22000003n 4500 |
| 005 |
20110519145123.0 |
| 008 |
110201s2007 mx 000 0 spa d |
| 020 |
|
|
|a 9789706652850
|
| 035 |
|
|
|a 5266
|
| 040 |
|
|
|a BUS
|d vLex
|
| 090 |
|
|
|c 67
|d 67
|
| 100 |
1 |
|
|a Trejo Caballero, Juana
|
| 245 |
1 |
0 |
|a Administracin̤ del seguro de riesgos de trabajo
|h [Recurso electrn̤ico]
|c Juana Trejo Caballero (coord. editorial)
|
| 256 |
|
|
|a Servicio en ln̕ea.
|
| 260 |
|
|
|a [Mx̌ico] :
|b Instituto Mexicano de Contadores Pb︢licos,
|c 2007
|
| 506 |
1 |
|
|a Contenido solo disponible en los productos indicados
|d vLex Global
|d vLex Global (Academic Edition, excluding Law Schools)
|d vLex Global (U.S. Academic Edition, Law Schools)
|d vLex Global (U.S. Academic Edition, excluding Law Schools)
|d vLex Global (Academic Edition, Law Schools)
|
| 650 |
0 |
7 |
|a Seguros de riesgos
|2 Tesauro vLex
|
| 650 |
0 |
7 |
|a Prevencin̤ de riesgos laborales
|2 Tesauro vLex
|
| 650 |
0 |
7 |
|a Seguros
|2 Tesauro vLex
|
| 650 |
0 |
7 |
|a Contrato de seguro
|2 Tesauro vLex
|
| 650 |
0 |
7 |
|a Derecho de los seguros
|2 Tesauro vLex
|
| 740 |
0 |
|
|a vLex Libros (Servicios en ln̕ea)
|
| 856 |
4 |
0 |
|u http://vlex.com/source/5266
|z Acceso restringido
|
| 942 |
|
|
|c BOOK
|
| 999 |
0 |
|
|a Insurance
|b Mx̌ico
|